01170cam a2200337 i 450000100090000000300040000900500170001300800410003001000170007102000180008802500240010603500260013003700530015604000380020904200150024704300120026205000220027408200180029610000350031424500890034924600230043826400730046130000230053433600210055733700250057833800230060352000820062654600140070860000510072265000590077317809083OSt20200606120137.0130620s2013 ii 000 0dhino  a 2013333020 a9788173097157 aI-H-2013-333020; 13 a(IN-NdSP) 2013333020 bLibrary of Congress -- New Delhi Overseas Office aDLCbengcMESKC libraryerdadDLC alcodeapcc aa-ii---00aPK2038b.G29 2013 a891.43bGAR/K1 aGarg, Mridula,d1938-eauthor.10aKr̥ti aura kr̥tikāra /cMr̥dulā Garga = Kriti aur kritikar / by Mridula Garg.31aKriti aur kritikar 1aNaī Dillī :bSastā Sāhitya Maṇḍala Prakāśana,c2013. a123 pages ;c22 cm atext2rdacontent aunmediated2rdamedia avolume2rdacarrier aMemoirs of the Hindi authoress of her friends and associates and their works. aIn Hindi.10aGarg, Mridula,d1938-xFriends and associates. 0aHindi literaturey20th centuryxHistory and criticism.